000 01827cab a22003735a 4500
001 L137663
008 070424e20070330xxk f 000 0 eng d
035 _a(Sirsi) u137663
041 0 _aeng
100 1 _aJames, Mark
245 0 0 _aExpert witness supplement
260 _c2007
490 _aNew Law Journal
_v157(7266/7267) 30 March and 6 April 2007, 454-463(8)
520 _aFour articles tackling expert witness issues. "Closing down" looks at the controversial practice of expert shopping and illustrates how cases such as "Beck v Ministry of Defence" ([2003] EWCA Civ 1043, [2003] All ER (D) 406) are discouraging this practice. "Expert justice" considers whether expert witnesses need protection in the disciplinary regime following "Meadow v General Medical Council" ([2006] EWCA 1390, L135561). "More to learn" questions whether training for expert witnesses meets the needs of experts or the needs of the training providers. "Mistakes in court" discusses recent cases involving elementary faults, conflicts of interest and causation.
590 _aKA
650 2 4 _aBECK V MOD
650 2 4 _aVASILIOU V HAJIGEORGIOU
650 2 4 _aCARLSON V TOWNSEND
650 2 4 _aCARRUTHERS V MP FIREWORKS LTD AND ANOTHER
650 2 4 _aBREEZE V AHMED
650 2 4 _aPETURSSON AND ANOTHER V HUTCHINSON 3G UK LTD
650 2 4 _aR V BEATTY
650 2 4 _aAIRD AND ANOTHER V PRIME MERIDIAN LTD
650 2 4 _aTOTH V JARMAN
650 2 4 _aCASEY V CARTWRIGHT
650 2 4 _aR V WILTSHIRE CC EX P MIDWINTER
650 2 4 _aMEADOW V GENERAL MEDICAL COUNCIL
651 4 _aEngland and Wales
_y1543-
690 _aMANAGEMENT-DISPUTE AVOIDANCE, MANAGEMENT AND RESOLUTION-DISPUTE MANAGEMENT AND RESOLUTION-EXPERT WITNESSES
700 1 _aGooderham, Peter
700 1 _aCooper, Penny
700 1 _aMahendra, B.
942 _n0
999 _c78682
_d78682